[Event "39th Olympiad Women"]
[Site "Khanty-Mansiysk RUS"]
[Date "2010.09.25"]
[Round "5"]
[White "Voiska, Margarita"]
[Black "Zhukova, Natalia"]
[Result "1/2-1/2"]
[WhiteTitle "WGM"]
[BlackTitle "GM"]
[WhiteElo "2314"]
[BlackElo "2499"]
[Board "1.2"]
[WhiteTeam "BUL"]
[BlackTeam "UKR"]
[WhiteFideId "2900602"]
[BlackFideId "14101513"]
[EventDate "2010.09.21"]
[EventType "team"]

1. d4 d5 2. c4 e6 3. Nf3 Nf6 4. Bg5 Bb4+ 5. Nbd2 h6 6. Bxf6 Qxf6 7. a3 Bxd2+ 8.
Qxd2 O-O 9. Rc1 c6 10. e3 Nd7 11. cxd5 exd5 12. Bd3 Nb6 13. Ne5 Bf5 14. O-O Rfe8
15. b3 Nc8 16. Bxf5 Qxf5 17. Qc2 Qe6 18. a4 Nd6 19. b4 a6 20. Qb3 Qf5 21. Rfe1
Re7 22. Qb1 Qg5 23. Qd3 Rae8 1/2-1/2

[Event "39th Olympiad Women"]
[Site "Khanty-Mansiysk RUS"]
[Date "2010.09.25"]
[Round "5"]
[White "Videnova, Iva"]
[Black "Gaponenko, Inna"]
[Result "0-1"]
[WhiteTitle "WIM"]
[BlackTitle "IM"]
[WhiteElo "2283"]
[BlackElo "2469"]
[Board "1.4"]
[WhiteTeam "BUL"]
[BlackTeam "UKR"]
[WhiteFideId "2907763"]
[BlackFideId "14101181"]
[EventDate "2010.09.21"]
[EventType "team"]

1. e4 c5 2. Nf3 Nc6 3. d4 cxd4 4. Nxd4 g6 5. Nc3 Bg7 6. Be3 Nf6 7. Bc4 O-O 8.
Bb3 d6 9. f3 Nxd4 10. Bxd4 Be6 11. Qd2 Rc8 12. O-O-O Bxb3 13. axb3 Rc6 14. Kb1
e6 15. Be3 Qa5 16. Nd5 Qxd2 17. Nxf6+ Bxf6 18. Rxd2 a6 19. Rhd1 Be7 20. Bf4 e5
21. Be3 f5 22. c4 Kf7 23. Rd5 Ke6 24. h3 h5 25. exf5+ gxf5 26. Bg1 Rg8 27. R5d2
b5 28. cxb5 axb5 29. Be3 Bg5 30. Bxg5 Rxg5 31. b4 h4 32. b3 e4 33. Rf1 d5 34.
Kb2 e3 35. f4 Rg3 36. Re1 Kd6 37. Rd3 Rxg2+ 38. Kb1 e2 39. Re3 Rf2 40. R1xe2
Rxe2 41. Rxe2 Rc3 42. Kb2 Rxh3 43. Ka3 Rf3 44. Rf2 Rg3 45. Rh2 Rg4 46. Rf2 d4 0-1

[Event "39th Olympiad Women"]
[Site "Khanty-Mansiysk RUS"]
[Date "2010.09.25"]
[Round "5"]
[White "Hou, Yifan"]
[Black "Kosintseva, Tatiana"]
[Result "1/2-1/2"]
[WhiteTitle "GM"]
[BlackTitle "GM"]
[WhiteElo "2578"]
[BlackElo "2573"]
[Board "2.1"]
[WhiteTeam "CHN"]
[BlackTeam "RUS1"]
[WhiteFideId "8602980"]
[BlackFideId "4133471"]
[EventDate "2010.09.21"]
[EventType "team"]

1. e4 e5 2. Nf3 Nc6 3. Bb5 a6 4. Ba4 Nf6 5. O-O Be7 6. Re1 b5 7. Bb3 d6 8. c3
O-O 9. h3 Nb8 10. d4 Nbd7 11. c4 c6 12. a3 Qc7 13. Nc3 Bb7 14. Bg5 h6 15. Bh4
Rfe8 16. Ba2 bxc4 17. Bxc4 d5 18. dxe5 Nxe4 19. Nxe4 Bxh4 20. Nd6 Rxe5 21. Nxe5
Qxd6 22. Nxd7 Qxd7 23. Be2 Be7 24. Bg4 Qc7 25. Re2 Bf8 26. Qe1 Qd8 27. Rc1 a5
28. Rc3 d4 29. Rb3 Ba6 30. Rd2 c5 31. Bf3 Ra7 32. Re3 Bb5 33. Re5 Qf6 34. Bd5
Bd6 35. Re4 Qf5 36. Bb3 Bc6 37. Re8+ Bxe8 38. Qxe8+ Bf8 39. Re2 Qd7 40. Bc4 Qxe8
41. Rxe8 g6 42. a4 Kg7 43. Kf1 Bd6 44. Ke2 Re7+ 45. Rxe7 Bxe7 46. g3 h5 47. f4
h4 1/2-1/2

[Event "39th Olympiad Women"]
[Site "Khanty-Mansiysk RUS"]
[Date "2010.09.25"]
[Round "5"]
[White "Kosintseva, Nadezhda"]
[Black "Ju, Wenjun"]
[Result "1-0"]
[WhiteTitle "IM"]
[BlackTitle "WGM"]
[WhiteElo "2565"]
[BlackElo "2516"]
[Board "2.2"]
[WhiteTeam "RUS1"]
[BlackTeam "CHN"]
[WhiteFideId "4134974"]
[BlackFideId "8603006"]
[EventDate "2010.09.21"]
[EventType "team"]

1. e4 c5 2. Nf3 d6 3. d4 cxd4 4. Nxd4 Nf6 5. Nc3 a6 6. Bg5 Nbd7 7. Qe2 e6 8. f4
Qc7 9. O-O-O Be7 10. g4 b5 11. a3 Bb7 12. Bh4 h6 13. Bg2 Qc4 14. Qxc4 bxc4 15.
h3 Rc8 16. Rhe1 Nc5 17. Re2 Rg8 18. f5 Nfd7 19. Bg3 Ne5 20. Nf3 Ncd7 21. Nd4 Nc5
22. Kb1 g6 23. Rf2 gxf5 24. exf5 Bxg2 25. Rxg2 Bf6 26. Bf4 Rh8 27. Re2 Ke7 28.
fxe6 fxe6 29. Nf5+ exf5 30. Nd5+ Ke6 31. Nxf6 Rcd8 32. gxf5+ Kxf5 33. Rf1 Ke6
34. Ng4 Nd7 35. Rfe1 Kd5 36. Bxe5 dxe5 37. Nxe5 Nxe5 38. Rxe5+ Kc6 39. R1e4 c3
40. b4 Rd1+ 41. Ka2 Rhd8 42. Rc5+ Kb6 43. Re6+ R8d6 44. Rxd6+ Rxd6 45. Rxc3 a5
46. Kb3 Rg6 47. Re3 axb4 48. axb4 h5 49. c3 Rg5 50. Re6+ Kc7 51. Rh6 Rf5 52. h4
Re5 53. c4 Rf5 54. b5 Kb7 55. Kb4 Re5 56. Rh7+ Kc8 57. b6 Rf5 58. c5 Rf4+ 59.
Kb5 Rxh4 60. Kc6 1-0

[Event "39th Olympiad Women"]
[Site "Khanty-Mansiysk RUS"]
[Date "2010.09.25"]
[Round "5"]
[White "Gunina, Valentina"]
[Black "Huang, Qian"]
[Result "1-0"]
[WhiteTitle "WGM"]
[BlackTitle "WGM"]
[WhiteElo "2465"]
[BlackElo "2436"]
[Board "2.4"]
[WhiteTeam "RUS1"]
[BlackTeam "CHN"]
[WhiteFideId "4167570"]
[BlackFideId "8602689"]
[EventDate "2010.09.21"]
[EventType "team"]

1. d4 Nf6 2. Nf3 g6 3. c4 Bg7 4. g3 d5 5. cxd5 Nxd5 6. Bg2 Nb6 7. Nc3 Nc6 8. e3
O-O 9. O-O Re8 10. Re1 e5 11. d5 Ne7 12. e4 Bg4 13. h3 Bxf3 14. Qxf3 c6 15. Bg5
h6 16. Be3 cxd5 17. exd5 Nf5 18. Rad1 Nc4 19. d6 Nfxe3 20. fxe3 Nxb2 21. d7 Rf8
22. Rd5 Nc4 23. Red1 Qe7 24. Qe4 Nb6 25. R5d2 Rad8 26. Qxb7 Qc5 27. Ne4 Qxe3+
28. Kh2 Qa3 29. Qc6 Qe7 30. a4 Qa3 31. Nc5 e4 32. Bxe4 Nc4 33. Re2 Ne5 34. Qc7
Nf3+ 35. Bxf3 Qxf3 36. Rdd2 Bd4 37. Ne4 Bg7 38. a5 h5 39. h4 Bd4 40. Ng5 Qf1 41.
Nh3 Kg7 42. Re4 Bf6 43. Qxa7 Ra8 44. Qc5 Qa1 45. Rf4 Rfd8 46. Rdf2 Rxa5 47. Qc7
Rf5 48. Rxf5 gxf5 49. Nf4 Qd1 50. Qc6 Be5 51. Nd5 Qg4 52. Nf4 Qd1 53. Qc5 Bxf4
54. Qc3+ Kh7 55. gxf4 Qg4 56. Rg2 Qxh4+ 57. Kg1 Qe1+ 58. Qxe1 1-0

[Event "39th Olympiad Women"]
[Site "Khanty-Mansiysk RUS"]
[Date "2010.09.25"]
[Round "5"]
[White "Foisor, Cristina-Adela"]
[Black "Hoang Thanh Trang"]
[Result "0-1"]
[WhiteTitle "IM"]
[BlackTitle "GM"]
[WhiteElo "2395"]
[BlackElo "2482"]
[Board "3.1"]
[WhiteTeam "ROU"]
[BlackTeam "HUN"]
[WhiteFideId "1200496"]
[BlackFideId "12400149"]
[EventDate "2010.09.21"]
[EventType "team"]

1. c4 f5 2. Nc3 Nf6 3. g3 e6 4. Bg2 Be7 5. Nf3 O-O 6. O-O d6 7. d4 Ne4 8. Qc2
Nxc3 9. bxc3 Nc6 10. Rd1 Qe8 11. e3 e5 12. d5 Nd8 13. c5 b6 14. c6 Qh5 15. a4 a5
16. Ba3 Nf7 17. Re1 g5 18. Qd1 g4 19. Nd2 e4 20. c4 Bf6 21. Ra2 Ng5 22. Qb3 Nf3+
23. Bxf3 gxf3 24. Kh1 Be5 25. Rg1 Rf6 26. Nf1 Ba6 27. Bb2 Re8 28. Bxe5 Rxe5 29.
Rd2 Qh3 30. Rd4 Kf7 31. Qc2 Rg6 32. Qb1 Ke7 33. Qc2 Kd8 34. Qc1 Kc8 35. Qc2 Kb8
36. Qc1 Ka7 37. Qb1 Kb8 38. Qc2 Rh6 39. Qc1 Ka8 40. Qd2 f4 41. g4 Rg5 0-1

[Event "39th Olympiad Women"]
[Site "Khanty-Mansiysk RUS"]
[Date "2010.09.25"]
[Round "5"]
[White "Madl, Ildiko"]
[Black "Cosma, Elena-Luminita"]
[Result "1/2-1/2"]
[WhiteTitle "IM"]
[BlackTitle "WGM"]
[WhiteElo "2397"]
[BlackElo "2360"]
[Board "3.2"]
[WhiteTeam "HUN"]
[BlackTeam "ROU"]
[WhiteFideId "700550"]
[BlackFideId "1201590"]
[EventDate "2010.09.21"]
[EventType "team"]

1. e4 e6 2. d4 d5 3. Nc3 Nf6 4. Bg5 Be7 5. e5 Nfd7 6. Bxe7 Qxe7 7. f4 a6 8. Nf3
b6 9. g3 c5 10. Bg2 Nc6 11. Ne2 cxd4 12. Nfxd4 Nxd4 13. Qxd4 Bb7 14. O-O Rc8 15.
c3 Qc5 16. Rfd1 Ke7 17. Qf2 Qxf2+ 18. Kxf2 Rc7 19. Nd4 g6 20. Bf3 h5 21. h4 Nb8
22. Ke3 a5 23. Rac1 Ba6 24. b3 Rhc8 25. Kd2 Nd7 26. Rc2 Nc5 27. b4 Nd7 28. Rdc1
Bc4 29. Be2 Bxe2 30. Nxe2 f6 31. exf6+ Nxf6 32. bxa5 bxa5 33. Rb2 Ne4+ 34. Kd3
Rc4 35. Rb6 Nc5+ 36. Kd2 Ne4+ 37. Kd3 Nc5+ 38. Kd2 Ne4+ 1/2-1/2

[Event "39th Olympiad Women"]
[Site "Khanty-Mansiysk RUS"]
[Date "2010.09.25"]
[Round "5"]
[White "L'Ami, Alina"]
[Black "Vajda, Szidonia"]
[Result "1/2-1/2"]
[WhiteTitle "WGM"]
[BlackTitle "IM"]
[WhiteElo "2339"]
[BlackElo "2342"]
[Board "3.3"]
[WhiteTeam "ROU"]
[BlackTeam "HUN"]
[WhiteFideId "1210246"]
[BlackFideId "723894"]
[EventDate "2010.09.21"]
[EventType "team"]

1. d4 d5 2. c4 dxc4 3. e3 e5 4. Bxc4 exd4 5. exd4 Bd6 6. Nf3 Nf6 7. O-O O-O 8.
h3 h6 9. Qc2 Nc6 10. Nc3 Nb4 11. Qb1 Be6 12. Bxe6 fxe6 13. Re1 Qd7 14. a3 Nbd5
15. Ne5 Bxe5 16. dxe5 Nxc3 17. bxc3 Nd5 18. Qxb7 Nxc3 19. Be3 Nd5 20. Bc5 Rfb8
21. Qa6 Rb5 22. Qa4 Nc3 23. Qd4 Qxd4 24. Bxd4 Na4 25. Rac1 c5 26. Rc4 cxd4 27.
Rxa4 Rd5 28. Rd1 Rxe5 29. Rdxd4 a5 30. Rd7 Rf8 31. f4 Ref5 32. Re7 Rxf4 33. Rxa5
Rf1+ 34. Kh2 R8f6 35. Re5 Ra1 36. R5xe6 1/2-1/2

[Event "39th Olympiad Women"]
[Site "Khanty-Mansiysk RUS"]
[Date "2010.09.25"]
[Round "5"]
[White "Rozic, Vesna"]
[Black "Baginskaite, Camilla"]
[Result "1/2-1/2"]
[WhiteTitle "WIM"]
[BlackTitle "WGM"]
[WhiteElo "2289"]
[BlackElo "2328"]
[Board "4.4"]
[WhiteTeam "SLO"]
[BlackTeam "USA"]
[WhiteFideId "14604000"]
[BlackFideId "2014599"]
[EventDate "2010.09.21"]
[EventType "team"]

1. d4 Nf6 2. Nf3 e6 3. Bf4 c5 4. c3 d5 5. e3 Bd6 6. Bg3 O-O 7. Nbd2 Qc7 8. Bxd6
Qxd6 9. Ne5 Nfd7 10. Nxd7 Nxd7 11. Be2 e5 12. dxe5 Nxe5 13. O-O Bf5 14. Nc4 Nxc4
15. Bxc4 Rad8 16. Bd3 Bxd3 1/2-1/2

[Event "39th Olympiad Women"]
[Site "Khanty-Mansiysk RUS"]
[Date "2010.09.25"]
[Round "5"]
[White "Harika, Dronavalli"]
[Black "Pourkashiyan, Atousa"]
[Result "1-0"]
[WhiteTitle "IM"]
[BlackTitle "WGM"]
[WhiteElo "2515"]
[BlackElo "2322"]
[Board "5.1"]
[WhiteTeam "IND"]
[BlackTeam "IRI"]
[WhiteFideId "5015197"]
[BlackFideId "12502014"]
[EventDate "2010.09.21"]
[EventType "team"]

1. Nf3 d5 2. d4 Nf6 3. c4 e6 4. g3 dxc4 5. Bg2 a6 6. O-O Nc6 7. Nc3 Rb8 8. e4
Be7 9. Qe2 b5 10. Rd1 O-O 11. d5 exd5 12. e5 Nd7 13. Nxd5 Kh8 14. b3 cxb3 15.
axb3 Nb4 16. Nxb4 Bxb4 17. Nd4 c5 18. Nc6 Qe8 19. Nxb8 Nxb8 20. Bd2 Nc6 21. Bxb4
Nxb4 22. Rdc1 Be6 23. Rxc5 Bxb3 24. Qd2 Nc2 25. Rxa6 Qe7 26. Qd6 Qxd6 27. exd6
Nb4 28. Ra8 Rxa8 29. Bxa8 Be6 30. Rxb5 1-0

[Event "39th Olympiad Women"]
[Site "Khanty-Mansiysk RUS"]
[Date "2010.09.25"]
[Round "5"]
[White "Paridar, Shadi"]
[Black "Tania, Sachdev"]
[Result "1/2-1/2"]
[WhiteTitle "WGM"]
[BlackTitle "IM"]
[WhiteElo "2242"]
[BlackElo "2382"]
[Board "5.2"]
[WhiteTeam "IRI"]
[BlackTeam "IND"]
[WhiteFideId "12500666"]
[BlackFideId "5007844"]
[EventDate "2010.09.21"]
[EventType "team"]

1. e4 e5 2. Nf3 Nc6 3. Bb5 a6 4. Ba4 Nf6 5. O-O Be7 6. Re1 b5 7. Bb3 d6 8. c3
O-O 9. d4 Bg4 10. d5 Na5 11. Bc2 c6 12. h3 Bc8 13. dxc6 Qc7 14. Nbd2 Qxc6 15.
Nf1 Nc4 16. Ng3 Be6 17. Ng5 Bd7 18. Qe2 Rac8 19. Bd3 Rfe8 20. Nf3 Be6 21. Ng5
Bd7 22. Nf3 Be6 23. Ng5 1/2-1/2

[Event "39th Olympiad Women"]
[Site "Khanty-Mansiysk RUS"]
[Date "2010.09.25"]
[Round "5"]
[White "Karavade, Eesha"]
[Black "Hejazipour, Mitra"]
[Result "1-0"]
[WhiteTitle "IM"]
[BlackTitle "WFM"]
[WhiteElo "2365"]
[BlackElo "2239"]
[Board "5.3"]
[WhiteTeam "IND"]
[BlackTeam "IRI"]
[WhiteFideId "5012600"]
[BlackFideId "12505951"]
[EventDate "2010.09.21"]
[EventType "team"]

1. d4 Nf6 2. c4 e6 3. g3 Bb4+ 4. Bd2 Qe7 5. Bg2 O-O 6. Nf3 Bxd2+ 7. Qxd2 d6 8.
Nc3 Nc6 9. O-O e5 10. d5 Nd8 11. e4 Ne8 12. Ne1 f5 13. exf5 Bxf5 14. Nd3 Nf6 15.
f4 exf4 16. Rae1 Qd7 17. Nxf4 Kh8 18. Nb5 c5 19. dxc6 Nxc6 20. Qxd6 Rad8 21.
Qxd7 Rxd7 22. Nd5 Bd3 23. Rf4 Rdf7 24. Nd6 Rd7 25. c5 1-0

[Event "39th Olympiad Women"]
[Site "Khanty-Mansiysk RUS"]
[Date "2010.09.25"]
[Round "5"]
[White "Hakimifard, Ghazal"]
[Black "Mohota, Nisha"]
[Result "1/2-1/2"]
[WhiteTitle "WFM"]
[BlackTitle "WGM"]
[WhiteElo "2173"]
[BlackElo "2332"]
[Board "5.4"]
[WhiteTeam "IRI"]
[BlackTeam "IND"]
[WhiteFideId "12506540"]
[BlackFideId "5004330"]
[EventDate "2010.09.21"]
[EventType "team"]

1. e4 c5 2. Nf3 g6 3. d4 cxd4 4. Nxd4 Nc6 5. Nc3 Bg7 6. Nb3 Nf6 7. Be2 O-O 8.
O-O d6 9. Bg5 a5 10. a4 Be6 11. Kh1 Rc8 12. f4 Nb4 13. Nd4 Bc4 14. Re1 h6 15.
Bh4 e5 16. fxe5 dxe5 17. Nf3 Qxd1 18. Bxd1 Rfe8 19. Rc1 Nd7 20. Nd2 Be6 21. Be2
f5 22. Red1 Bf8 23. exf5 Bxf5 24. Nde4 Kg7 25. Bb5 Nc6 26. Rd5 g5 27. Bf2 Be6
28. Bxc6 bxc6 29. Rxa5 Rb8 30. b3 Bb4 31. Ra7 Kg6 32. Rd1 Red8 33. Rc7 Nf6 34.
Rf1 Nxe4 35. Nxe4 Bd5 36. Ng3 Bd6 37. Ra7 Rf8 38. Be3 h5 39. c4 Rxb3 40. cxd5
Rxe3 41. Rd7 Bc5 42. Rd1 cxd5 43. R7xd5 Bd4 44. Rd6+ Rf6 45. Rxf6+ Kxf6 46.
Nxh5+ Kg6 47. Ng3 Ra3 1/2-1/2

[Event "39th Olympiad Women"]
[Site "Khanty-Mansiysk RUS"]
[Date "2010.09.25"]
[Round "5"]
[White "Mamedjarova, Zeinab"]
[Black "Dzagnidze, Nana"]
[Result "0-1"]
[WhiteTitle "WGM"]
[BlackTitle "GM"]
[WhiteElo "2234"]
[BlackElo "2534"]
[Board "6.1"]
[WhiteTeam "AZE"]
[BlackTeam "GEO"]
[WhiteFideId "13401521"]
[BlackFideId "13601903"]
[EventDate "2010.09.21"]
[EventType "team"]

1. d4 Nf6 2. Nf3 e6 3. e3 c5 4. Bd3 b6 5. O-O Bb7 6. Nbd2 Nc6 7. a3 Be7 8. c4
cxd4 9. exd4 d5 10. Nb3 dxc4 11. Bxc4 O-O 12. Bf4 Bd6 13. Bg5 Ne7 14. Rc1 Ng6
15. Re1 h6 16. Be3 Rc8 17. Bf1 Rxc1 18. Nxc1 Qa8 19. Nd3 Rd8 20. Qe2 Bxf3 21.
Qxf3 Qxf3 22. gxf3 Nh4 23. Be2 Nd5 24. Rc1 Nf5 25. Ne5 Nfxe3 26. fxe3 Nxe3 27.
Nc6 Rd7 28. b4 Bf4 29. Bd3 g6 30. Rc3 Nd5 31. Rc4 Be3+ 32. Kf1 Nf4 33. Be4 b5
34. Rc5 a6 35. Ke1 f5 36. Ne5 Rxd4 37. Rc8+ Kg7 38. Bb7 Kf6 39. Rf8+ Kxe5 0-1

[Event "39th Olympiad Women"]
[Site "Khanty-Mansiysk RUS"]
[Date "2010.09.25"]
[Round "5"]
[White "Javakhishvili, Lela"]
[Black "Mamedjarova, Turkan"]
[Result "1-0"]
[WhiteTitle "IM"]
[BlackTitle "WGM"]
[WhiteElo "2451"]
[BlackElo "2301"]
[Board "6.2"]
[WhiteTeam "GEO"]
[BlackTeam "AZE"]
[WhiteFideId "13601458"]
[BlackFideId "13402005"]
[EventDate "2010.09.21"]
[EventType "team"]

1. d4 d5 2. c4 e6 3. Nf3 c6 4. Qc2 f5 5. Bf4 Nf6 6. e3 Be7 7. Nc3 O-O 8. Bd3 Ne4
9. h3 Kh8 10. O-O Bf6 11. Ne2 Nd7 12. b4 Rg8 13. Bh2 Nf8 14. Rab1 Bd7 15. Ne5
Be8 16. b5 cxb5 17. cxd5 Rc8 18. Qb2 exd5 19. Rbc1 Rxc1 20. Rxc1 Ne6 21. f3 Nd6
22. Qb3 Bxe5 23. dxe5 Nc4 24. Bxf5 Nc5 25. Qc3 Rf8 26. Bb1 Qg5 27. Bf4 Qh4 28.
Qd4 Ne6 29. Qxd5 Nxf4 30. exf4 Bc6 31. Qc5 Qd8 32. Bd3 Re8 33. Bxc4 bxc4 34.
Qxc4 Qd2 35. Kf2 h6 36. Qc2 Rd8 37. Kg3 Qb4 38. Qc3 Qa4 39. Rc2 Bb5 40. Rd2 Rxd2
41. Qxd2 Bxe2 42. Qxe2 Qe8 43. Qd3 a5 44. Qd6 b5 45. f5 Qf7 46. e6 Qf6 47. Qb8+
Kh7 48. Qxb5 Qg5+ 49. Kf2 h5 50. Qxa5 Qf6 51. Qe1 Qh4+ 52. Kf1 Qc4+ 53. Kg1 1-0

[Event "39th Olympiad Women"]
[Site "Khanty-Mansiysk RUS"]
[Date "2010.09.25"]
[Round "5"]
[White "Mammadova, Gulnar Marfat qizi"]
[Black "Melia, Salome"]
[Result "0-1"]
[WhiteTitle "WFM"]
[BlackTitle "IM"]
[WhiteElo "2293"]
[BlackElo "2439"]
[Board "6.3"]
[WhiteTeam "AZE"]
[BlackTeam "GEO"]
[WhiteFideId "13403508"]
[BlackFideId "13602446"]
[EventDate "2010.09.21"]
[EventType "team"]

1. e4 c5 2. Nc3 Nc6 3. f4 g6 4. Nf3 Bg7 5. g3 e6 6. d3 Nge7 7. Bg2 d6 8. O-O O-O
9. Be3 b6 10. Bf2 Bb7 11. Qd2 Qd7 12. Rae1 Nd4 13. Nxd4 cxd4 14. Ne2 e5 15. c3
dxc3 16. Nxc3 d5 17. fxe5 d4 18. Nd5 Nxd5 19. exd5 Bxd5 20. Bxd5 Qxd5 21. Qf4
Rad8 22. Re4 Qxa2 23. Bxd4 Qe6 24. Re3 Rd7 25. Bc3 Rfd8 26. d4 a5 27. Qf3 a4 28.
Re4 b5 29. Ba5 Rc8 30. Bb4 Rc4 31. Bd6 Qd5 32. e6 fxe6 33. Be5 Rc8 34. Bxg7 Rxg7
35. Qe3 Rd7 36. Rf6 Re8 37. h3 Rd6 38. Kh2 Rc6 39. Rf2 Rd6 40. Ref4 Rd7 41. Rf6
Qxd4 42. Qg5 Qd3 43. Qh6 Rg7 44. Qf4 Qd8 45. Qe5 Qd7 46. Qc5 Rge7 47. Qe5 Rg7
48. Qc5 h5 49. Qg5 Kh7 50. Rd2 Qc6 51. Qe5 b4 52. Rdf2 Qd7 53. Qe4 b3 54. R6f4
Rc8 55. Rf6 Qc6 56. Qd4 Qe8 57. Qe5 Rc2 58. Kg1 Qc6 59. Rf8 Rc1+ 60. Rf1 Rxf1+
61. Kxf1 a3 62. bxa3 Qc1+ 63. Ke2 Qxa3 64. Rd8 Qa6+ 65. Kd2 b2 66. Qb8 Qa5+ 67.
Ke2 Qxd8 0-1

[Event "39th Olympiad Women"]
[Site "Khanty-Mansiysk RUS"]
[Date "2010.09.25"]
[Round "5"]
[White "Khukhashvili, Sopiko"]
[Black "Umudova, Nargiz"]
[Result "1-0"]
[WhiteTitle "IM"]
[BlackTitle "WIM"]
[WhiteElo "2422"]
[BlackElo "2251"]
[Board "6.4"]
[WhiteTeam "GEO"]
[BlackTeam "AZE"]
[WhiteFideId "13602055"]
[BlackFideId "13402137"]
[EventDate "2010.09.21"]
[EventType "team"]

1. e4 c5 2. Nf3 Nc6 3. d4 cxd4 4. Nxd4 g6 5. c4 Bg7 6. Be3 Nf6 7. Nc3 d6 8. h3
O-O 9. Be2 Bd7 10. O-O Nxd4 11. Bxd4 Bc6 12. Qd3 a5 13. b3 Nd7 14. Bxg7 Kxg7 15.
Rab1 Kg8 16. a3 Qb6 17. b4 axb4 18. axb4 Ra3 19. Rfc1 f5 20. exf5 Rxf5 21. c5
dxc5 22. Qc4+ e6 23. Qxe6+ Kg7 24. b5 Rf6 25. Qe7+ Rf7 26. Qd6 c4 27. bxc6 Qxf2+
28. Kh1 1-0

[Event "39th Olympiad Women"]
[Site "Khanty-Mansiysk RUS"]
[Date "2010.09.25"]
[Round "5"]
[White "Sukandar, Irine Kharisma"]
[Black "Bojkovic, Natasa"]
[Result "1-0"]
[WhiteTitle "WGM"]
[BlackTitle "IM"]
[WhiteElo "2372"]
[BlackElo "2368"]
[Board "7.1"]
[WhiteTeam "INA"]
[BlackTeam "SRB"]
[WhiteFideId "7101937"]
[BlackFideId "908550"]
[EventDate "2010.09.21"]
[EventType "team"]

1. e4 c5 2. Nf3 e6 3. d4 cxd4 4. Nxd4 a6 5. Bd3 d6 6. O-O g6 7. Be3 Bg7 8. Qd2
Nc6 9. c3 Ne5 10. Be2 Nf6 11. f3 O-O 12. Bh6 Qc7 13. Bxg7 Kxg7 14. Qe3 Nc6 15.
Rd1 e5 16. Nc2 Be6 17. c4 Ne7 18. Nba3 Nh5 19. Rd2 Rad8 20. Rad1 Rd7 21. b3 Rc8
22. Nb1 Nf6 23. Bf1 Ne8 24. Kh1 Nf6 25. a4 Rdd8 26. Nc3 Ne8 27. Rd3 b6 28. Qd2
Nc6 29. f4 exf4 30. Qxf4 Ne5 31. Rg3 Nf6 32. Be2 Qe7 33. Ne3 Kh8 34. Rf1 Ned7
35. Nc2 Rc5 36. Nd4 Re8 37. h3 Nh5 38. Bxh5 Rxh5 39. Nc6 Qf8 40. Rd1 Ne5 41.
Qf6+ Kg8 42. Nxe5 Rxe5 43. Rgd3 Qh6 44. Rf1 Qf8 45. Qf2 f5 46. Qxb6 Qg7 47. Qxd6
fxe4 48. Re3 Bf5 49. Nd5 R5e6 50. Qf4 Re5 51. Qh4 g5 52. Qh5 Bg6 53. Qg4 Kh8 54.
b4 Qa7 55. Qe2 Bf7 56. Nf6 Bxc4 57. Nxe8 Rxe8 58. Qxc4 Qxe3 59. Qc6 Rg8 60. Qf6+
Rg7 61. Qe5 1-0

[Event "39th Olympiad Women"]
[Site "Khanty-Mansiysk RUS"]
[Date "2010.09.25"]
[Round "5"]
[White "Chelushkina, Irina"]
[Black "Lestari, Baiq Vina"]
[Result "1-0"]
[WhiteTitle "WGM"]
[WhiteElo "2325"]
[BlackElo "2177"]
[Board "7.2"]
[WhiteTeam "SRB"]
[BlackTeam "INA"]
[WhiteFideId "928615"]
[BlackFideId "7102496"]
[EventDate "2010.09.21"]
[EventType "team"]

1. g3 Nf6 2. Bg2 d5 3. Nf3 c6 4. O-O Bg4 5. Ne5 Bh5 6. d4 Nbd7 7. c4 e6 8. Nc3
Bd6 9. cxd5 cxd5 10. Bf4 Qb6 11. Qa4 a6 12. Rac1 Rd8 13. e4 Bxe5 14. dxe5 Nxe4
15. Nxe4 dxe4 16. Bg5 O-O 17. Bxd8 Rxd8 18. Qxe4 Nc5 19. Qe3 Rc8 20. Rc3 Qb5 21.
a4 Qb4 22. a5 Rc7 23. Rfc1 b6 24. axb6 Qxb6 25. Rxc5 1-0

[Event "39th Olympiad Women"]
[Site "Khanty-Mansiysk RUS"]
[Date "2010.09.25"]
[Round "5"]
[White "Rakic, Marija"]
[Black "Medina, Warda Aulia"]
[Result "1-0"]
[WhiteTitle "WIM"]
[BlackTitle "WFM"]
[WhiteElo "2317"]
[BlackElo "2011"]
[Board "7.4"]
[WhiteTeam "SRB"]
[BlackTeam "INA"]
[WhiteFideId "936286"]
[BlackFideId "7101570"]
[EventDate "2010.09.21"]
[EventType "team"]

1. d4 Nf6 2. c4 e6 3. Nf3 b6 4. Nc3 Bb4 5. Bg5 h6 6. Bh4 Bb7 7. e3 O-O 8. Bd3 d5
9. cxd5 exd5 10. O-O Nbd7 11. Rc1 Be7 12. Qe2 Ne4 13. Bxe7 Qxe7 14. Rfd1 Ndf6
15. Ne5 c5 16. f3 Nxc3 17. bxc3 c4 18. Bb1 Nd7 19. Nxd7 Qxd7 20. e4 Rfe8 21. e5
Bc8 22. Qc2 g6 23. Rf1 Qe7 24. Qd2 Kh7 25. Rce1 b5 26. f4 Bf5 27. Bxf5 gxf5 28.
Qc2 Qe6 29. g4 Rg8 30. h3 Kh8 31. Kh1 fxg4 32. f5 Qe7 33. Re3 g3 34. Kg2 Qh4 35.
Ref3 a5 36. Qe2 Qh5 37. e6 f6 38. e7 Ra6 39. Qd2 Ra7 40. Re1 Re8 41. Rfe3 Qxf5
42. Rxg3 Kh7 43. Rge3 b4 44. Kh1 Rb7 45. Qg2 Qg5 46. Rg3 Qh5 47. Rg7+ Kh8 48.
Rg1 1-0

[Event "39th Olympiad Women"]
[Site "Khanty-Mansiysk RUS"]
[Date "2010.09.25"]
[Round "5"]
[White "Dembo, Yelena"]
[Black "Danielian, Elina"]
[Result "1/2-1/2"]
[WhiteTitle "IM"]
[BlackTitle "IM"]
[WhiteElo "2452"]
[BlackElo "2466"]
[Board "8.1"]
[WhiteTeam "GRE"]
[BlackTeam "ARM"]
[WhiteFideId "723916"]
[BlackFideId "13300210"]
[EventDate "2010.09.21"]
[EventType "team"]

1. e4 e6 2. d4 d5 3. Nc3 Nf6 4. e5 Nfd7 5. f4 c5 6. Nf3 Nc6 7. Be3 a6 8. Qd2 b5
9. a3 Qa5 10. Ra2 Qb6 11. Ne2 b4 12. axb4 Nxb4 13. Ra1 Nc6 14. Ra2 Nb4 15. Ra1
Nc6 16. Ra2 1/2-1/2